| 000 | 00514nam a22001937a 4500 | ||
|---|---|---|---|
| 003 | CEME | ||
| 005 | 20210628202648.0 | ||
| 008 | 210210b xxu||||| |||| 00| 0 eng d | ||
| 020 | _a81-7808-487-2 | ||
| 040 | _c. | ||
| 082 | _a004.9 LEW | ||
| 100 |
_aLewis, Harry.R,Papadimitriou, Christos.H _960956 |
||
| 245 | _aElements of the theory of computation | ||
| 250 | _a2ND | ||
| 260 |
_aNEW DELHI _bPEARSON EDUCATION ASIA _c2001 |
||
| 300 | _a351P | ||
| 650 |
_aTHEORY OF COMPUTATION _960957 |
||
| 942 |
_cBK _2ddc |
||
| 999 |
_c570549 _d570549 |
||